01108nam a2200277 i 450000100060000000300090000600500170001500700030003200800390003502000180007408000140009208000300010624501670013626000600030330000210036349000140038460000550039865100530045370000340050671000610054071000460060183000220064785200220066999900170069195201220070818637ES-MaACL20240228152658.0t|020218s1998 sp ||||0| spa a84-88306-47-4 a946.0"18" a32 Cánovas del Castillo00aCánovas y la vertebración de España b: Universidad Euroamericana Marqués de Santillana, Guadalajara 1997 / c[autores] Miguel Alonso Baquer ... [et al.]. aMadrid : bFundación Cánovas del Castillo, c[1998] a382 p ; c21 cm.1 aVeintiuno14aCánovas del Castillo, Antonio,d1828-1897934600 4aEspaña-xHistoria-z1843-1868, Isabel II982561 aAlonso Baquer, Miguel.9202582 aUniversidad Euroamericana Marqués de Santillana.973752 aFundación Cánovas del Castillo.942441 aVeintiuno9180481 aES-MaACLjL-25212 c18637d18637 00104070aATENEOMbATENEOMcDEPO2d2008-01-17eSCl0oL-25212p1019071r2023-02-23 00:00:00w2023-02-23yMONOGRAFIA